Movies Quiz

Random Movies or Actor Quiz
Score 0/36 Timer 07:00
2 Plays Today
Actors Movies % Correct
Mila KunisBlack Swan
86.7%
Meryl StreepThe Devil Wears Prada
85%
Jodie FosterThe Silence of the Lambs
84.1%
Bill MurrayGroundhog Day
82.1%
Tom HanksCast Away
82%
Tom CruiseJerry Maguire
81.5%
Tom HanksBig
80.5%
Denzel WashingtonRemember the Titans
70.7%
George ClooneyThe Perfect Storm
69.6%
Bill MurrayGhostbusters
67.1%
Denzel WashingtonTraining Day
66.5%
Julia RobertsErin Brockovich
66.5%
Denzel WashingtonFlight
63.7%
Meryl StreepJulie & Julia
62.2%
Tom HanksRoad to Perdition
59%
Jodie FosterContact
56.4%
John CusackHigh Fidelity
55.6%
George ClooneyUp in the Air
52.6%
Actors Movies % Correct
Julia RobertsNotting Hill
50.4%
Bill MurrayKingpin
50%
Mila KunisForgetting Sarah Marshall
50%
George ClooneyThe Men Who Stare at Goats
48.5%
Meryl StreepDoubt
48.5%
Philip Seymour HoffmanMoneyball
47.3%
John CusackGrosse Pointe Blank
46.3%
Tom CruiseCollateral
45.7%
Philip Seymour HoffmanAlmost Famous
42%
Julia RobertsMystic Pizza
41.2%
John CusackBeing John Malkovich
35.7%
Tom CruiseMagnolia
33.9%
Mila KunisFriends with Benefits
32%
Robert De NiroMidnight Run
22%
Robert De NiroA Bronx Tale
18.7%
Robert De NiroMachete
10.8%
Philip Seymour HoffmanSynecdoche, New York
7.4%
Jodie FosterAnna and the King
5.8%

You're not logged in!

Compare scores with friends on all Sporcle quizzes.
OR
Log In

Sporcle TV

Today on Sporcle TV


Watch our educational content, quiz creation guides, and fun videos on Sporcle TV.

Show Comments

Extras

Top Quizzes Today


Score Distribution

Your Account Isn't Verified!

In order to create a playlist on Sporcle, you need to verify the email address you used during registration. Go to your Sporcle Settings to finish the process.

Report this User

Report this user for behavior that violates our Community Guidelines.

Details: